000 00394cam a2200133u 4500
082 _a621.8
_bMOD
_cL-24,P-15
100 1 _aBaker, Henry Wright,
_941737
245 0 0 _aModern workshop technology.
260 _aLondon,
_bCleaver-Hume Press
_c[1948-50]
300 _a2 v.
_billus.
_c22 cm.
526 _a0
_b0
_c0
_d621_800000000000000_MOD
650 0 _aMachine-shop practice.
_936237
942 _2ddc
_cBK
999 _c546100
_d546100